| 000 | 00427nam a2200181Ia 4500 | ||
|---|---|---|---|
| 008 | 221030s9999 xx 000 0 und d | ||
| 020 | _a0070601607 | ||
| 041 | _aEnglish | ||
| 082 |
_a105.23 _bTho |
||
| 100 | _aC. R. Thomas | ||
| 245 | 0 | _aManagerial Economics : Concepts & Application | |
| 250 | _a8th | ||
| 260 |
_bTMH _aNew Delhi _c2005 |
||
| 300 | _a748 | ||
| 650 | _aManagement | ||
| 700 | _aS. C. Maurice | ||
| 942 | _cBK | ||
| 999 |
_c667 _d667 |
||